|
|
|
|
| LEADER |
04085nam a2200469 a 4500 |
| 001 |
34259 |
| 003 |
BD-DhAAL |
| 005 |
20211110145321.0 |
| 008 |
190206r20172011nyua b 001 0 eng |
| 999 |
|
|
|c 40320
|d 40320
|
| 010 |
|
|
|a 2009039039
|
| 020 |
|
|
|a 9789332901384
|
| 020 |
|
|
|a 9780071289597 (pbk. : IE)
|
| 020 |
|
|
|a 0073523321 (hc : alk. paper)
|
| 020 |
|
|
|a 0071289593 (pbk. : IE)
|
| 020 |
|
|
|a 9332901384
|
| 020 |
|
|
|a 9780073523323 (alk. paper)
|
| 035 |
|
|
|a (OCoLC)ocn436031093
|
| 040 |
|
|
|a DLC
|c DLC
|d BTCTA
|d C#P
|d BWX
|d YDXCP
|d SIRPL
|d DLC
|d BD-DhAAL
|
| 050 |
0 |
0 |
|a QA76.9.D3
|b S5637 2011
|
| 082 |
0 |
0 |
|a 005.74
|2 23
|
| 100 |
1 |
|
|a Silberschatz, Abraham.
|9 29883
|
| 245 |
1 |
0 |
|a Database system concepts /
|c Abraham Silberschatz, Henry F. Korth and S. Sudarshan.
|
| 250 |
|
|
|a 6th edition
|
| 260 |
|
|
|a New York, NY ;
|a India :
|b McGraw-Hil Education (India) Private Ltd.,
|c 2018 [Reprinted]
|
| 300 |
|
|
|a xxvi, 1349 pages :
|b illustrations ;
|c 25 cm.
|
| 504 |
|
|
|a Includes bibliographical references( pages 1283-1314 ) and index.
|
| 505 |
|
|
|a Chapter 1: IntroductionPart 1: Relational DatabasesChapter 2: Introduction to the Relational ModelChapter 3: Introduction to SQLChapter 4: Intermediate SQLChapter 5: Advanced SQLChapter 6: Formal Relational Query LanguagesPart II: Database DesignChapter 7: Database Design and the E-R ModelChapter 8: Relational Database DesignChapter 9: Application Design and DevelopmentPart III: Data Storage and QueryingChapter 10: Storage and File StructureChapter 11: Indexing and HashingChapter 12: Query ProcessingChapter 13: Query OptimizationPart IV: Transaction ManagementChapter 14: TransactionsChapter 15: Concurrency ControlChapter 16: Recovery SystemPart V: System ArchitectureChapter 17: Database-System ArchitecturesChapter 18: Parallel DatabasesChapter 19: Distributed DatabasesPart VI: Data Mining and Information RetrievalChapter 20: Data MiningChapter 21: Information RetrievalPart VII: Specialty DatabasesChapter 22: Object-Based DatabasesChapter 23: XMLChapter 24: Advanced Application DevelopmentChapter 25: Advanced Data Types and New ApplicationsChapter 26: Advanced Transaction ProcessingPart IX: Case StudiesChapter 27: PostgreSQLChapter 28: OracleChapter 29: IBM DB2 Universal DatabaseChapter 30: Microsoft SQL ServerPart X: AppendicesAppendix A: Detailed University SchemaAppendix B: Other Relational Query LanguagesAppendix C: Advanced Relational Database DesignAppendix D: Network ModelAppendix E: Hierarchical Model
|
| 520 |
|
|
|a Presents the fundamental concepts of database management. This text is suitable for a first course in databases at the junior/senior undergraduate level or the first year graduate level.
|
| 526 |
|
|
|a CSE
|
| 541 |
|
|
|a Hye Trade International
|e 34259, 34260, 34261, 34262, 34263
|
| 650 |
|
0 |
|a Database management.
|9 29884
|
| 650 |
|
0 |
|a Computer science.
|9 42483
|
| 700 |
1 |
|
|a Korth, Henry F.
|9 29885
|
| 700 |
1 |
|
|a Sudarshan, S.
|9 29886
|
| 852 |
|
|
|a Ayesha Abed Library
|c General Stacks
|
| 942 |
|
|
|2 ddc
|c BK
|
| 952 |
|
|
|0 0
|1 0
|2 ddc
|4 0
|6 005_740000000000000_SIL
|7 0
|9 64990
|a BRACUL
|b BRACUL
|c GEN
|d 2019-01-30
|e Hye Trade International
|g 1099.00
|l 4
|m 36
|o 005.74 SIL
|p 3010034261
|r 2025-07-08
|s 2025-06-25
|t 3
|v 1099.00
|w 2019-01-30
|y BK
|
| 952 |
|
|
|0 0
|1 0
|2 ddc
|4 0
|6 005_740000000000000_SIL
|7 0
|9 64991
|a BRACUL
|b BRACUL
|c GEN
|d 2019-01-30
|e Hye Trade International
|g 1099.00
|l 6
|m 87
|o 005.74 SIL
|p 3010034260
|r 2026-01-18
|s 2025-10-20
|t 2
|v 1099.00
|w 2019-01-30
|y BK
|
| 952 |
|
|
|0 0
|1 0
|2 ddc
|4 0
|6 005_740000000000000_SIL
|7 0
|9 64992
|a BRACUL
|b BRACUL
|c GEN
|d 2019-01-30
|e Hye Trade International
|g 1099.00
|l 5
|m 29
|o 005.74 SIL
|p 3010034263
|r 2024-06-09
|s 2024-05-26
|t 5
|v 1099.00
|w 2019-01-30
|y BK
|
| 952 |
|
|
|0 0
|1 0
|2 ddc
|4 0
|6 005_740000000000000_SIL
|7 0
|9 64993
|a BRACUL
|b BRACUL
|c GEN
|d 2019-01-30
|e Hye Trade International
|g 1099.00
|l 3
|m 18
|o 005.74 SIL
|p 3010034259
|r 2025-08-12
|s 2025-06-25
|t 1
|v 1099.00
|w 2019-01-30
|y BK
|
| 952 |
|
|
|0 0
|1 0
|2 ddc
|4 0
|6 005_740000000000000_SIL
|7 0
|9 64994
|a BRACUL
|b BRACUL
|c GEN
|d 2019-01-30
|e Hye Trade International
|g 1099.00
|l 7
|m 67
|o 005.74 SIL
|p 3010034262
|q 2026-06-02
|r 2026-02-01
|s 2026-02-01
|t 4
|v 1099.00
|w 2019-01-30
|y BK
|